[Event "Magyar Rapid Bajnokság"]
[Site "Ajka"]
[Date "2018.07.21"]
[Round "7.7"]
[White "Groszpeter, Attila"]
[Black "Jakab, Attila"]
[Result "1/2-1/2"]
[WhiteElo "2438"]
[BlackElo "2363"]
[PlyCount "78"]
[EventDate "2018.07.20"]
[EventType "swiss"]
[EventRounds "13"]
[EventCountry "HUN"]

1. e4 e6 2. d4 d5 3. Nc3 Nf6 4. Bg5 dxe4 5. Nxe4 Nbd7 6. Nxf6+ Nxf6 7. Nf3 Be7
8. Be2 O-O 9. c3 b6 10. Ne5 Bb7 11. Bf3 Bxf3 12. Qxf3 Nd5 13. Nc6 Qd7 14. Nxe7+
Nxe7 15. O-O h6 16. Bf4 c6 17. Rfe1 Rad8 18. h3 Qd5 19. Qg4 Qf5 20. a4 Rd5 21.
a5 b5 22. a6 Rfd8 23. Qxf5 Nxf5 24. Bc7 Rc8 25. Bf4 Kf8 26. Re5 Ke7 27. Rxd5
exd5 28. Kf1 Nd6 29. Ke2 Rb8 30. Kd3 Kd7 31. b3 Rb6 32. f3 Ne8 33. Be5 f6 34.
Bf4 Nc7 35. Bxc7 Kxc7 36. Re1 Kd7 37. Ra1 Rb8 38. Rb1 Rb6 39. Ra1 Rb8 1/2-1/2

[Event "Magyar Rapid Bajnokság"]
[Site "Ajka"]
[Date "2018.07.21"]
[Round "7.8"]
[White "Szelenyi, Norbert"]
[Black "Mihok, Oliver"]
[Result "1/2-1/2"]
[WhiteElo "2284"]
[BlackElo "2426"]
[PlyCount "176"]
[EventDate "2018.07.20"]
[EventType "swiss"]
[EventRounds "13"]
[EventCountry "HUN"]

1. e3 Nf6 2. b3 g6 3. Bb2 Bg7 4. c4 O-O 5. Nf3 c5 6. Be2 b6 7. O-O Bb7 8. Nc3
Nc6 9. Qc2 Rc8 10. Rac1 d5 11. cxd5 Nxd5 12. Nxd5 Qxd5 13. Bxg7 Kxg7 14. Rfd1
e5 15. a3 a5 16. d3 Rfd8 17. Qb2 f6 18. Bf1 e4 19. Nd2 exd3 20. Nc4 Ne5 21.
Nxe5 Qxe5 22. Qxe5 fxe5 23. Bxd3 Rd6 24. Bc2 Rcd8 25. Rxd6 Rxd6 26. Rd1 Rxd1+
27. Bxd1 Bd5 28. Kf1 g5 29. g3 b5 30. Ke1 b4 31. axb4 axb4 32. Kd2 Kf6 33. Bc2
h6 34. Kc1 e4 35. Kb2 Ke5 36. Bd1 Kf5 37. Be2 Ke5 38. Kc2 Be6 39. Kb2 Bh3 40.
Kc2 Kf5 41. Ba6 Bg2 42. Bc8+ Ke5 43. Ba6 Bf3 44. Bb5 Bg4 45. Ba6 Be6 46. Bf1 h5
47. Be2 Bg4 48. Ba6 h4 49. Bb5 Be6 50. Be2 Bh3 51. Ba6 Bg2 52. Bb5 Bf3 53. Ba6
Kf6 54. Bb5 Kg6 55. Be8+ Kh6 56. Bb5 Kh5 57. Be8+ Kg4 58. Bd7+ Kh5 59. Be8+ Kh6
60. Bb5 Kg6 61. Be8+ Kf5 62. Bd7+ Ke5 63. Bb5 Bg4 64. Ba6 Kd6 65. Bc4 Be6 66.
Be2 Bd5 67. Ba6 Kc7 68. Be2 Kb6 69. Bf1 Bc6 70. Bg2 Ka5 71. Kb2 Bd5 72. Bf1 Be6
73. Be2 Bd7 74. Bh5 Bb5 75. Bg6 Bc6 76. Bh5 Bd5 77. Be2 Be6 78. Bf1 Bd7 79. Bg2
Bf5 80. Bf1 h3 81. Bc4 Kb6 82. Be2 Kc6 83. Bc4 Kd6 84. Be2 Be6 85. Bf1 g4 86.
Be2 Kc6 87. Bf1 Kb6 88. Be2 Kc6 1/2-1/2

[Event "Magyar Rapid Bajnokság"]
[Site "Ajka"]
[Date "2018.07.21"]
[Round "7.9"]
[White "Gledura, Benjamin"]
[Black "Deak, Sandor"]
[Result "1-0"]
[WhiteElo "2574"]
[BlackElo "2335"]
[PlyCount "61"]
[EventDate "2018.07.20"]
[EventType "swiss"]
[EventRounds "13"]
[EventCountry "HUN"]

1. e4 c5 2. Nf3 Nc6 3. d4 cxd4 4. Nxd4 g6 5. c4 Nf6 6. Nc3 Nxd4 7. Qxd4 d6 8.
Be2 Bg7 9. Be3 O-O 10. Qd2 Be6 11. Rc1 Qa5 12. f3 Rfc8 13. b3 a6 14. Na4 Qxd2+
15. Kxd2 Nd7 16. g4 Rc6 17. Nc3 Rac8 18. Nd5 Bxd5 19. exd5 R6c7 20. f4 Bb2 21.
Rb1 Bg7 22. Rhc1 Nc5 23. b4 Ne4+ 24. Kd3 f5 25. gxf5 gxf5 26. Rc2 b5 27. Rbc1
bxc4+ 28. Rxc4 Nc3 29. Rxc7 Rxc7 30. Bf3 Kf8 31. a4 1-0

[Event "Magyar Rapid Bajnokság"]
[Site "Ajka"]
[Date "2018.07.21"]
[Round "7.10"]
[White "Nemeth, Miklos"]
[Black "Csonka, Balazs"]
[Result "1/2-1/2"]
[WhiteElo "2469"]
[BlackElo "2311"]
[PlyCount "40"]
[EventDate "2018.07.20"]
[EventType "swiss"]
[EventRounds "13"]
[EventCountry "HUN"]

1. e4 e5 2. Nf3 Nc6 3. Bc4 Nf6 4. d3 Be7 5. O-O O-O 6. a4 d6 7. c3 Kh8 8. a5 a6
9. Ng5 Kg8 10. f4 d5 11. exd5 Nxd5 12. Qb3 Bxg5 13. fxg5 Be6 14. Rf3 Qd6 15.
Qa3 Qxa3 16. Rxa3 Rad8 17. b4 Nf4 18. Bxf4 Bxc4 19. dxc4 exf4 20. Ra2 Ne5
1/2-1/2

[Event "Magyar Rapid Bajnokság"]
[Site "Ajka"]
[Date "2018.07.21"]
[Round "7.11"]
[White "Papp, Gellert"]
[Black "Horvath, Peter"]
[Result "0-1"]
[WhiteElo "2324"]
[BlackElo "2438"]
[PlyCount "73"]
[EventDate "2018.07.20"]
[EventType "swiss"]
[EventRounds "13"]
[EventCountry "HUN"]

1. e4 c5 2. Nf3 Nc6 3. d4 cxd4 4. Nxd4 e5 5. Nb5 d6 6. N1c3 a6 7. Na3 Be7 8.
Nc4 b5 9. Ne3 Nf6 10. g3 O-O 11. Bg2 b4 12. Ncd5 Nxd5 13. Nxd5 Bg5 14. Bxg5
Qxg5 15. O-O Qd8 16. a3 Rb8 17. axb4 Nxb4 18. Ne3 Nc6 19. Ra2 a5 20. Qd2 Be6
21. b3 Rb4 22. f4 Rd4 23. Qe2 Nb4 24. Raa1 Qc7 25. f5 Bc8 26. Nc4 Ba6 27. c3
Rxc4 28. bxc4 Bxc4 29. Qd2 Bxf1 30. Rxf1 Nc6 31. f6 Nd8 32. fxg7 Re8 33. Bh3
Ne6 34. Qh6 Nxg7 35. Bf5 Nxf5 36. exf5 Qe7 37. f6 0-1

[Event "Magyar Rapid Bajnokság"]
[Site "Ajka"]
[Date "2018.07.21"]
[Round "7.17"]
[White "Csiszar, Csaba"]
[Black "Seres, Bela"]
[Result "0-1"]
[WhiteElo "2432"]
[BlackElo "2220"]
[PlyCount "110"]
[EventDate "2018.07.20"]
[EventType "swiss"]
[EventRounds "13"]
[EventCountry "HUN"]

1. d4 Nf6 2. Nf3 e6 3. e3 b6 4. Bd3 Bb7 5. O-O Ne4 6. c4 f5 7. Ne5 g6 8. f3 Nf6
9. Be2 d6 10. Qa4+ Nbd7 11. Nc6 Bxc6 12. Qxc6 Be7 13. Nc3 a6 14. Bd2 O-O 15. f4
Ra7 16. Bf3 Nb8 17. Qa4 Qd7 18. Qc2 c6 19. b4 d5 20. c5 b5 21. a4 Qb7 22. Ra3
Qc7 23. Rfa1 Rb7 24. axb5 axb5 25. Be1 Kg7 26. h3 Nbd7 27. Kh1 h5 28. Kg1 Rh8
29. g3 Kf7 30. R1a2 Rg8 31. Qe2 Ne4 32. Nxe4 dxe4 33. Bg2 Nf6 34. Bf1 Nd5 35.
Kh1 Rh8 36. Qb2 g5 37. fxg5 Bxg5 38. Qf2 Nf6 39. Bg2 Ke7 40. Ra1 Nd5 41. Bd2
Bf6 42. Rf1 Ra7 43. Rfa1 Rha8 44. Ra5 Rxa5 45. bxa5 Ra6 46. Be1 b4 47. Qe2 Rxa5
48. Rc1 Qa7 49. Qxh5 Kd7 50. g4 Ra1 51. g5 Rxc1 52. gxf6 Rxe1+ 53. Bf1 Rxf1+
54. Kg2 Nxe3+ 55. Kg3 Qc7+ 0-1

[Event "Magyar Rapid Bajnokság"]
[Site "Ajka"]
[Date "2018.07.21"]
[Round "7.18"]
[White "Almasi, Istvan"]
[Black "Csala, Imre"]
[Result "1-0"]
[WhiteElo "2416"]
[BlackElo "2146"]
[PlyCount "53"]
[EventDate "2018.07.20"]
[EventType "swiss"]
[EventRounds "13"]
[EventCountry "HUN"]

1. e4 g6 2. d4 c6 3. Nc3 Bg7 4. Bc4 b5 5. Bb3 d5 6. exd5 b4 7. Nce2 cxd5 8. Bd2
a5 9. a3 bxa3 10. Rxa3 Nc6 11. Nf3 Nf6 12. Ne5 Bd7 13. Ba4 Nxe5 14. dxe5 Ne4
15. Bf4 Bxa4 16. Rxa4 g5 17. Be3 Bxe5 18. O-O Qd6 19. g3 Nc5 20. Ra2 g4 21. Nd4
h5 22. Qe2 Qd7 23. Rd1 O-O 24. Bh6 Bxd4 25. Rxd4 Rfd8 26. Qe5 Ne6 27. Qxh5 1-0

[Event "Magyar Rapid Bajnokság"]
[Site "Ajka"]
[Date "2018.07.21"]
[Round "8.1"]
[White "Banusz, Tamas"]
[Black "Balog, Imre"]
[Result "1/2-1/2"]
[WhiteElo "2592"]
[BlackElo "2613"]
[PlyCount "118"]
[EventDate "2018.07.20"]
[EventType "swiss"]
[EventRounds "13"]
[EventCountry "HUN"]

1. Nf3 d5 2. g3 g6 3. Bg2 Bg7 4. d4 c6 5. c4 dxc4 6. O-O Nf6 7. a4 O-O 8. Na3
Be6 9. Ng5 Bd5 10. e4 h6 11. exd5 hxg5 12. dxc6 Nxc6 13. Bxg5 Na5 14. Rc1 Rc8
15. Bd2 Ne8 16. Bxa5 Qxa5 17. Nxc4 Qb4 18. b3 Nd6 19. Qd3 Nxc4 20. Rxc4 Rxc4
21. Qxc4 Qxc4 22. bxc4 Rc8 23. Rc1 Rc7 24. d5 Bd4 25. Kf1 a6 26. Be4 b5 27.
axb5 axb5 28. Bd3 bxc4 29. Bxc4 Kg7 30. f4 Ra7 31. Ke2 Ra3 32. Rb1 Re3+ 33. Kd2
Rf3 34. d6 exd6 35. Rb7 Bg1 36. Rxf7+ Kh8 37. Bd5 Rf2+ 38. Ke3 Rf1+ 39. Ke4
Bxh2 40. g4 g5 41. f5 Rf4+ 42. Kd3 Bg1 43. Be6 Rd4+ 44. Kc2 Re4 45. Bd7 Kg8 46.
Be6 Kh8 47. Rf8+ Kh7 48. Rf7+ Kh8 49. Bb3 Rxg4 50. f6 Bd4 51. Rf8+ Kh7 52. Kd1
Rg1+ 53. Ke2 Rg2+ 54. Kd3 Rg3+ 55. Kc4 Rc3+ 56. Kb4 Kg6 57. f7 Rf3 58. Rd8 Bc5+
59. Ka4 Rxf7 1/2-1/2

[Event "Magyar Rapid Bajnokság"]
[Site "Ajka"]
[Date "2018.07.21"]
[Round "8.2"]
[White "Czebe, Attila"]
[Black "Almasi, Zoltan"]
[Result "1/2-1/2"]
[WhiteElo "2488"]
[BlackElo "2650"]
[PlyCount "150"]
[EventDate "2018.07.20"]
[EventType "swiss"]
[EventRounds "13"]
[EventCountry "HUN"]

1. Nf3 c5 2. b3 b6 3. g3 Bb7 4. Bg2 d6 5. d4 cxd4 6. Qxd4 Nf6 7. O-O g6 8. Qh4
h6 9. Bb2 Bg7 10. Ne1 Qc8 11. Qh3 Nbd7 12. c4 O-O 13. Nd3 a6 14. Nc3 Bxg2 15.
Qxg2 Rb8 16. Nb4 Re8 17. Rac1 Nc5 18. Rfd1 Rb7 19. f3 b5 20. cxb5 axb5 21. e4
Qa8 22. Qd2 Qa5 23. Ne2 Ra8 24. Nd4 Qb6 25. Kg2 Rd7 26. Ndc6 Rc7 27. e5 dxe5
28. Qf2 Rxc6 29. Nxc6 Qxc6 30. Rxc5 Qb7 31. a3 e4 32. b4 exf3+ 33. Qxf3 Ne4 34.
Rcd5 Bxb2 35. Qxe4 Kg7 36. Re1 e6 37. Rd3 Qxe4+ 38. Rxe4 e5 39. Re2 Bd4 40. Rc2
f5 41. Rc7+ Kf6 42. Rc6+ Kg5 43. h4+ Kh5 44. Kh3 g5 45. hxg5 hxg5 46. Rc7 g4+
47. Kg2 Kg6 48. Kf1 Kf6 49. Rc6+ Kg5 50. Kg2 Ra7 51. Rc8 Rd7 52. Rc5 Rb7 53.
Rc8 Kf6 54. Rc6+ Kg5 55. Rc8 Rb6 56. Rd1 Rd6 57. Rh1 f4 58. gxf4+ exf4 59. Rg8+
Kf5 60. Rh5+ Ke4 61. Rxg4 Be5 62. Kh1 Rd3 63. Rg1 Bd4 64. Re1+ Be3 65. Rxb5
Rxa3 66. Rb8 Ra7 67. Re8+ Kf3 68. Rf1+ Bf2 69. Rh8 Ke2 70. Rb1 Be3 71. Rh2+ Kd3
72. b5 Rb7 73. Kg2 Rg7+ 74. Kh1 Rb7 75. b6 Rxb6 1/2-1/2

[Event "Magyar Rapid Bajnokság"]
[Site "Ajka"]
[Date "2018.07.21"]
[Round "8.3"]
[White "Erdos, Viktor"]
[Black "Bagi, Mate"]
[Result "1-0"]
[WhiteElo "2617"]
[BlackElo "2394"]
[PlyCount "77"]
[EventDate "2018.07.20"]
[EventType "swiss"]
[EventRounds "13"]
[EventCountry "HUN"]

1. Nf3 Nf6 2. c4 b6 3. g3 Bb7 4. Bg2 g6 5. O-O Bg7 6. d4 O-O 7. d5 e6 8. Nc3
Re8 9. Nd4 e5 10. Nc2 d6 11. e4 Nbd7 12. b4 Qe7 13. Qd3 a5 14. a3 axb4 15. axb4
Rxa1 16. Nxa1 c5 17. dxc6 Bxc6 18. Nc2 Ra8 19. Bg5 h6 20. Be3 Ne8 21. Rd1 Bf8
22. Bh3 Qd8 23. Nd5 Nef6 24. Nc3 Qc7 25. Bc1 Qb7 26. b5 Bxe4 27. Nxe4 Nxe4 28.
Bxd7 Nxf2 29. Kxf2 Qxd7 30. Ne3 Qh3 31. Kg1 d5 32. Qf1 Qh5 33. Nxd5 Bc5+ 34.
Kh1 Kf8 35. Nf6 Qf5 36. Qxf5 gxf5 37. Nd7+ Ke7 38. Nxc5 bxc5 39. Be3 1-0

[Event "Magyar Rapid Bajnokság"]
[Site "Ajka"]
[Date "2018.07.21"]
[Round "8.4"]
[White "Papp, Gabor"]
[Black "Galyas, Miklos"]
[Result "1-0"]
[WhiteElo "2574"]
[BlackElo "2382"]
[PlyCount "75"]
[EventDate "2018.07.20"]
[EventType "swiss"]
[EventRounds "13"]
[EventCountry "HUN"]

1. e4 d5 2. exd5 Qxd5 3. Nc3 Qd6 4. d4 Nf6 5. Nf3 c6 6. Be2 Bf5 7. O-O e6 8.
Nh4 Bg6 9. Bf3 Be7 10. Nxg6 hxg6 11. g3 Nbd7 12. Bf4 Qb4 13. Qd2 Qa5 14. a3 Qf5
15. Bg2 Nd5 16. Nxd5 cxd5 17. h4 Rc8 18. c3 Nb6 19. Rfe1 Nc4 20. Qc1 g5 21.
hxg5 Qh7 22. b3 Nd6 23. Qe3 Nf5 24. Qf3 Kf8 25. a4 Kg8 26. Rac1 Qg6 27. c4 dxc4
28. Qxb7 Rf8 29. g4 Nxd4 30. Qxe7 Qd3 31. Bd6 Rc8 32. g6 Qxg6 33. Rxc4 Rxc4 34.
bxc4 Rh6 35. Qe8+ Kh7 36. Be4 Nf5 37. f3 Qg5 38. Qxf7 1-0

[Event "Magyar Rapid Bajnokság"]
[Site "Ajka"]
[Date "2018.07.21"]
[Round "8.5"]
[White "Jakab, Attila"]
[Black "Gledura, Benjamin"]
[Result "0-1"]
[WhiteElo "2363"]
[BlackElo "2574"]
[PlyCount "60"]
[EventDate "2018.07.20"]
[EventType "swiss"]
[EventRounds "13"]
[EventCountry "HUN"]

1. d4 Nf6 2. c4 g6 3. Nc3 d5 4. Nf3 Bg7 5. Bf4 O-O 6. Rc1 dxc4 7. e4 Bg4 8.
Bxc4 Bxf3 9. gxf3 c6 10. Be3 e6 11. f4 Nbd7 12. O-O Nh5 13. Qg4 Kh8 14. f5 Nb6
15. Bb3 Bxd4 16. Rcd1 e5 17. Ne2 c5 18. Nxd4 cxd4 19. Bh6 Qd6 20. Rd3 Nd7 21.
Rh3 Ndf6 22. Qe2 Nf4 23. Bxf4 exf4 24. e5 Rae8 25. Re1 Qc5 26. Rh4 d3 27. Qd2
Rxe5 28. Rc1 Qd6 29. Rxf4 Re2 30. Qc3 d2 0-1

[Event "Magyar Rapid Bajnokság"]
[Site "Ajka"]
[Date "2018.07.21"]
[Round "8.6"]
[White "Ruck, Robert"]
[Black "Szelenyi, Norbert"]
[Result "1/2-1/2"]
[WhiteElo "2570"]
[BlackElo "2284"]
[PlyCount "77"]
[EventDate "2018.07.20"]
[EventType "swiss"]
[EventRounds "13"]
[EventCountry "HUN"]

1. Nf3 d5 2. d4 Nf6 3. c4 e6 4. Nc3 Bb4 5. Bg5 dxc4 6. e4 b5 7. a4 Bb7 8. axb5
Bxe4 9. Bxc4 h6 10. Bh4 O-O 11. O-O Bb7 12. Ne5 Be7 13. Re1 Nbd7 14. Nxf7 Rxf7
15. Bxe6 Nf8 16. Bxf7+ Kxf7 17. Qb3+ Kg6 18. Re3 Kh7 19. Rae1 Bd6 20. Ne4 Bxe4
21. Rxe4 Kh8 22. Bxf6 Qxf6 23. g3 Rb8 24. Qa4 Qf5 25. Qxa7 Qxb5 26. R1e2 Qb6
27. Qa4 Qb5 28. Qc2 Qb3 29. Qc6 Qb5 30. Qc3 Qd5 31. Kg2 Re8 32. Qf3 Rb8 33. h4
Rb3 34. R4e3 Qxf3+ 35. Kxf3 Rb4 36. Rd3 Kg8 37. Ke3 Kf7 38. Kf3 Ne6 39. Red2
1/2-1/2

[Event "Magyar Rapid Bajnokság"]
[Site "Ajka"]
[Date "2018.07.21"]
[Round "8.7"]
[White "Hajnal, Zoltan"]
[Black "Medvegy, Zoltan"]
[Result "0-1"]
[WhiteElo "2357"]
[BlackElo "2542"]
[PlyCount "28"]
[EventDate "2018.07.20"]
[EventType "swiss"]
[EventRounds "13"]
[EventCountry "HUN"]

1. e4 c5 2. Nf3 Nf6 3. Nc3 d5 4. exd5 Nxd5 5. Ne5 Nxc3 6. bxc3 Qc7 7. Bb5+ Nd7
8. Qh5 g6 9. Qe2 Bg7 10. Nxd7 Bxd7 11. O-O O-O-O 12. Ba3 Bxb5 13. Qxb5 Rxd2 14.
Bxc5 Rd5 0-1

[Event "Magyar Rapid Bajnokság"]
[Site "Ajka"]
[Date "2018.07.21"]
[Round "8.8"]
[White "Seres, Bela"]
[Black "Groszpeter, Attila"]
[Result "0-1"]
[WhiteElo "2220"]
[BlackElo "2438"]
[PlyCount "80"]
[EventDate "2018.07.20"]
[EventType "swiss"]
[EventRounds "13"]
[EventCountry "HUN"]

1. e4 c5 2. Nf3 d6 3. Bb5+ Bd7 4. a4 Nf6 5. d3 e6 6. O-O Be7 7. Nbd2 O-O 8. Nc4
Nc6 9. Re1 a6 10. Bxc6 Bxc6 11. e5 dxe5 12. Nfxe5 Be8 13. a5 Nd5 14. Ne3 Bd6
15. Nxd5 exd5 16. d4 f6 17. Nf3 c4 18. Nh4 Bf7 19. g3 Qd7 20. Ng2 Rfe8 21. Bf4
Bf8 22. h4 Qb5 23. Bd2 Qxb2 24. c3 Qb5 25. Bf4 Rxe1+ 26. Qxe1 Re8 27. Qd2 h6
28. Qa2 Bg6 29. Ne3 Be4 30. Bc7 Qd7 31. Qa4 Qxa4 32. Rxa4 Rc8 33. Bb6 h5 34.
Kf1 Bf3 35. Ke1 g6 36. Kd2 Bh6 37. Rb4 Bg4 38. Kc2 Bxe3 39. fxe3 Re8 40. Kd2
Bd7 0-1

[Event "Magyar Rapid Bajnokság"]
[Site "Ajka"]
[Date "2018.07.21"]
[Round "8.9"]
[White "Horvath, Peter"]
[Black "Szukics, Adam"]
[Result "1/2-1/2"]
[WhiteElo "2438"]
[BlackElo "2010"]
[PlyCount "44"]
[EventDate "2018.07.20"]
[EventType "swiss"]
[EventRounds "13"]
[EventCountry "HUN"]

1. d4 d5 2. Nf3 Nf6 3. Bf4 c5 4. e3 Nc6 5. c3 Qb6 6. Qc2 cxd4 7. exd4 Bf5 8.
Qb3 e6 9. Nbd2 Be7 10. Qxb6 axb6 11. Bb5 O-O 12. O-O Rfc8 13. Rfe1 Na7 14. Bf1
b5 15. a3 Nd7 16. Ne5 Nb6 17. Bd3 Bxd3 18. Nxd3 Nc4 19. Nf3 Nc6 20. h3 N6a5 21.
Rad1 Bd6 22. Bxd6 Nxd6 1/2-1/2

[Event "Magyar Rapid Bajnokság"]
[Site "Ajka"]
[Date "2018.07.21"]
[Round "8.10"]
[White "Mihok, Oliver"]
[Black "Csonka, Attila Istvan"]
[Result "1-0"]
[WhiteElo "2426"]
[BlackElo "2337"]
[PlyCount "65"]
[EventDate "2018.07.20"]
[EventType "swiss"]
[EventRounds "13"]
[EventCountry "HUN"]

1. e4 c5 2. Nf3 e6 3. d4 cxd4 4. Nxd4 Nc6 5. Nc3 Qc7 6. Be3 a6 7. Qf3 Nf6 8.
O-O-O h5 9. Nxc6 dxc6 10. Be2 e5 11. Qg3 Ng4 12. Bg5 Be6 13. h3 Nf6 14. f4 Be7
15. f5 Bd7 16. Be3 b5 17. Bf3 h4 18. Qf2 c5 19. Nd5 Nxd5 20. Rxd5 Bc6 21. Rxc5
Bxc5 22. Bxc5 Rc8 23. b4 f6 24. Kb2 a5 25. c3 axb4 26. cxb4 Qf7 27. Qe3 Ra8 28.
a3 Rd8 29. Rc1 Qd7 30. Rd1 Qxd1 31. Bxd1 Rxd1 32. Qb3 Bd7 33. Qxd1 1-0

[Event "Magyar Rapid Bajnokság"]
[Site "Ajka"]
[Date "2018.07.21"]
[Round "8.11"]
[White "Hoang, Thanh Trang"]
[Black "Nemeth, Miklos"]
[Result "1-0"]
[WhiteElo "2351"]
[BlackElo "2469"]
[PlyCount "81"]
[EventDate "2018.07.20"]
[EventType "swiss"]
[EventRounds "13"]
[EventCountry "HUN"]

1. d4 Nf6 2. Bf4 d6 3. e3 g6 4. Nf3 Bg7 5. Be2 O-O 6. O-O c6 7. Nbd2 Nbd7 8. h3
Re8 9. Bh2 a5 10. a4 b6 11. e4 Nf8 12. Re1 d5 13. exd5 Nxd5 14. Ne5 Bb7 15. c3
Nd7 16. Bc4 Nxe5 17. Bxe5 Qd7 18. Nf3 f6 19. Bg3 b5 20. Ba2 Kh8 21. Nd2 e5 22.
dxe5 fxe5 23. Ne4 Qc7 24. axb5 Rad8 25. Qa4 h6 26. bxc6 Bxc6 27. Qc4 Qb6 28.
Qc5 Qxc5 29. Nxc5 Kh7 30. Bxd5 Rxd5 31. Rxa5 Rd2 32. b4 Rc2 33. Ne4 g5 34. c4
Rf8 35. b5 Ba8 36. Ra7 Kg6 37. b6 Bc6 38. Nd6 e4 39. Rc7 Ba4 40. b7 Bd4 41.
Nxe4 1-0

[Event "Magyar Rapid Bajnokság"]
[Site "Ajka"]
[Date "2018.07.21"]
[Round "8.13"]
[White "Horvath, Adam"]
[Black "Buzas, Bertalan"]
[Result "1-0"]
[WhiteElo "2479"]
[BlackElo "2133"]
[PlyCount "77"]
[EventDate "2018.07.20"]
[EventType "swiss"]
[EventRounds "13"]
[EventCountry "HUN"]

1. e4 c6 2. d4 d5 3. Nd2 dxe4 4. Nxe4 Nf6 5. Ng3 h5 6. h4 Bg4 7. f3 Bd7 8. Bc4
e6 9. Qe2 Be7 10. Bg5 a5 11. Nh3 Nd5 12. O-O Bxg5 13. Nxg5 Qe7 14. Rae1 Qf6 15.
c3 Qf4 16. N3e4 b5 17. Bd3 O-O 18. g3 Qc7 19. f4 g6 20. Bc2 Na6 21. Bb3 Kg7 22.
a3 c5 23. Kh2 c4 24. Bc2 b4 25. Nf3 bxa3 26. bxa3 Rab8 27. Ne5 Rb2 28. Rf2 Ba4
29. Qd1 Bxc2 30. Rxc2 Rxc2+ 31. Qxc2 f6 32. Ng5 fxg5 33. Qxg6+ Kh8 34. Qh6+ Kg8
35. Qxe6+ Kh7 36. Qg6+ Kh8 37. Qxh5+ Qh7 38. Ng6+ Kg7 39. Qxh7+ 1-0

[Event "Magyar Rapid Bajnokság"]
[Site "Ajka"]
[Date "2018.07.21"]
[Round "8.14"]
[White "Csonka, Balazs"]
[Black "Almasi, Istvan"]
[Result "1/2-1/2"]
[WhiteElo "2311"]
[BlackElo "2416"]
[PlyCount "94"]
[EventDate "2018.07.20"]
[EventType "swiss"]
[EventRounds "13"]
[EventCountry "HUN"]

1. d4 Nf6 2. c4 e6 3. Nf3 d5 4. g3 dxc4 5. Bg2 a6 6. O-O Nc6 7. e3 Bd6 8. Nbd2
e5 9. dxe5 Nxe5 10. Nxe5 Bxe5 11. Nxc4 Qe7 12. Bd2 O-O 13. Nxe5 Qxe5 14. Bc3
Qe7 15. Qd4 c5 16. Qh4 Be6 17. Bxf6 Qxf6 18. Qxf6 gxf6 19. Bxb7 Rab8 20. Bxa6
Rxb2 21. Rfc1 Ra8 22. Bc4 Ra5 23. Bxe6 fxe6 24. Rc4 Kf7 25. a4 Ke7 26. Rh4 Kd6
27. Rxh7 c4 28. Rd1+ Rd5 29. Rc1 Rdd2 30. Rxc4 Rxf2 31. Rd4+ Ke5 32. Rb7 Rg2+
33. Kf1 Rbf2+ 34. Ke1 Re2+ 35. Kd1 Rxe3 36. Rd2 Rxd2+ 37. Kxd2 Ra3 38. Rb5+ Ke4
39. Rb4+ Kf3 40. Rf4+ Kg2 41. Rxf6 Kxh2 42. g4 Rxa4 43. g5 Rg4 44. g6 e5 45.
Ke3 Kg3 46. Rf1 Kh4 47. Rf5 e4 1/2-1/2

[Event "Magyar Rapid Bajnokság"]
[Site "Ajka"]
[Date "2018.07.21"]
[Round "8.17"]
[White "Prohaszka, Peter"]
[Black "Acs, Marton"]
[Result "1-0"]
[WhiteElo "2593"]
[BlackElo "2026"]
[PlyCount "63"]
[EventDate "2018.07.20"]
[EventType "swiss"]
[EventRounds "13"]
[EventCountry "HUN"]

1. d4 Nf6 2. c4 e6 3. g3 Bb4+ 4. Bd2 Qe7 5. Nf3 Bxd2+ 6. Qxd2 b6 7. Bg2 Bb7 8.
Nc3 Ne4 9. Nxe4 Bxe4 10. O-O O-O 11. Qf4 f5 12. Qxc7 Nc6 13. Qf4 d6 14. Qd2
Rac8 15. Rac1 Qf6 16. Rfd1 Rfd8 17. b3 e5 18. d5 Bxf3 19. dxc6 Bxg2 20. Kxg2
Kh8 21. Qd5 Rc7 22. b4 Rcc8 23. b5 g5 24. Rd3 e4 25. Qd4 Kg7 26. Qxf6+ Kxf6 27.
Rd5 Ke6 28. Rcd1 h6 29. h3 a5 30. g4 fxg4 31. hxg4 Rc7 32. R1d4 1-0

[Event "Magyar Rapid Bajnokság"]
[Site "Ajka"]
[Date "2018.07.21"]
[Round "9.1"]
[White "Balog, Imre"]
[Black "Papp, Gabor"]
[Result "1/2-1/2"]
[WhiteElo "2613"]
[BlackElo "2574"]
[PlyCount "80"]
[EventDate "2018.07.20"]
[EventType "swiss"]
[EventRounds "13"]
[EventCountry "HUN"]

1. d4 d5 2. Nf3 Nf6 3. Bg5 Nbd7 4. Nbd2 g6 5. c4 c6 6. e3 Bg7 7. h3 O-O 8. Rc1
Re8 9. cxd5 cxd5 10. Bf4 Qa5 11. a3 Ne4 12. Bd3 Nxd2 13. Qxd2 Qxd2+ 14. Kxd2 a6
15. Rc7 Nf8 16. Bg3 Ne6 17. Rc3 Bd7 18. Rhc1 Rec8 19. Ne5 Bxe5 20. Bxe5 f6 21.
Bg3 Kf7 22. Bb1 Rxc3 23. Rxc3 Bc6 24. f3 Ng7 25. Bd3 Nf5 26. Bh2 e6 27. g4 Ne7
28. h4 h5 29. Rc1 Rh8 30. Bg3 f5 31. Be5 Rg8 32. g5 Rc8 33. Bd6 Ke8 34. b3 Kd7
35. Be5 Bb5 36. Rxc8 Nxc8 37. Bc2 a5 38. Ke1 Bc6 39. Bg7 Ke7 40. Bf6+ Kd7
1/2-1/2

[Event "Magyar Rapid Bajnokság"]
[Site "Ajka"]
[Date "2018.07.21"]
[Round "9.2"]
[White "Banusz, Tamas"]
[Black "Erdos, Viktor"]
[Result "1/2-1/2"]
[WhiteElo "2592"]
[BlackElo "2617"]
[PlyCount "26"]
[EventDate "2018.07.20"]
[EventType "swiss"]
[EventRounds "13"]
[EventCountry "HUN"]

1. d4 f5 2. Nf3 Nf6 3. g3 e6 4. Bg2 d5 5. O-O Bd6 6. c4 O-O 7. b3 c6 8. Ba3
Bxa3 9. Nxa3 Qe7 10. Qc1 b6 11. Qb2 Nbd7 12. Rac1 Bb7 13. Nc2 Ne4 1/2-1/2

[Event "Magyar Rapid Bajnokság"]
[Site "Ajka"]
[Date "2018.07.21"]
[Round "9.3"]
[White "Almasi, Zoltan"]
[Black "Mihok, Oliver"]
[Result "1-0"]
[WhiteElo "2650"]
[BlackElo "2426"]
[PlyCount "121"]
[EventDate "2018.07.20"]
[EventType "swiss"]
[EventRounds "13"]
[EventCountry "HUN"]

1. e4 c5 2. Nf3 e6 3. d4 cxd4 4. Nxd4 Nc6 5. Nc3 Qc7 6. Be2 a6 7. O-O Nf6 8.
Be3 Bb4 9. Na4 Be7 10. Nxc6 bxc6 11. Nb6 Rb8 12. Nxc8 Qxc8 13. Bd4 c5 14. Be5
Rb6 15. Bf3 d6 16. Bc3 O-O 17. a4 Nd7 18. a5 Rb8 19. Be2 Rd8 20. Qd3 Ra8 21.
Rfd1 Bf8 22. f4 Nb8 23. f5 Nc6 24. Bg4 exf5 25. Bxf5 Qc7 26. e5 g6 27. e6 d5
28. Bh3 f5 29. Re1 Bg7 30. g3 c4 31. Qe2 Bxc3 32. bxc3 Ne7 33. Bg2 Rab8 34. Qe3
Rdc8 35. Kh1 Rb5 36. h4 Qc5 37. Qg5 Kg7 38. h5 h6 39. Qf4 Rf8 40. Qe5+ Kh7 41.
hxg6+ Nxg6 42. Qe2 Qd6 43. Qe3 f4 44. Qa7+ Kh8 45. gxf4 Rxf4 46. Kg1 Rh4 47.
Re2 Qh2+ 48. Kf1 Rb8 49. e7 Re8 50. Rae1 Rf4+ 51. Rf2 Qh4 52. Rxf4 Qxf4+ 53.
Kg1 Qf6 54. Bxd5 Nxe7 55. Bg2 Qh4 56. Re2 Qf6 57. Qd7 Qf7 58. Re6 Rb8 59. Qd4+
Kg8 60. Rxh6 Nf5 61. Rh8# 1-0

[Event "Magyar Rapid Bajnokság"]
[Site "Ajka"]
[Date "2018.07.21"]
[Round "9.4"]
[White "Gledura, Benjamin"]
[Black "Hoang, Thanh Trang"]
[Result "1-0"]
[WhiteElo "2574"]
[BlackElo "2351"]
[PlyCount "79"]
[EventDate "2018.07.20"]
[EventType "swiss"]
[EventRounds "13"]
[EventCountry "HUN"]

1. Nf3 f5 2. g3 Nf6 3. Bg2 g6 4. d4 Bg7 5. b3 O-O 6. Bb2 Ne4 7. O-O d5 8. c4 c6
9. Nbd2 Be6 10. Rc1 Nd7 11. e3 a5 12. cxd5 cxd5 13. a4 Qb6 14. Ba3 Bf6 15. Nxe4
dxe4 16. Nd2 Bd5 17. Nc4 Qe6 18. Qd2 b6 19. Rc3 Rac8 20. Rfc1 Rc6 21. Bf1 Rfc8
22. Qb2 Qf7 23. Nd2 Rxc3 24. Rxc3 Rxc3 25. Qxc3 e5 26. Qc8+ Kg7 27. Bb5 Nf8 28.
dxe5 Bxe5 29. Nc4 Bf6 30. Nd6 Qe6 31. Nxf5+ gxf5 32. Qxf8+ Kg6 33. Be8+ Kg5 34.
h4+ Kg4 35. Qh6 Qxe8 36. Qf4+ Kh5 37. Qxf5+ Kh6 38. Qxf6+ Qg6 39. Qe5 Qg8 40.
Bf8+ 1-0